000 00285nam a22001337a 4500
008 170203b xxu||||| |||| 00| 0 eng d
020 _a0473057654
041 _aeng
080 _24TH
_a61
100 _a3
101 _aSHM
245 _aMANUAL THERAPY
_cMULLIGAN, B.R
942 _2udc
_cBK
999 _c4466
_d4466